| 000 | 00545nam a2200157Ia 4500 | ||
|---|---|---|---|
| 008 | 210716s2017 xx 000 0 und d | ||
| 020 | _a9780143131229 | ||
| 041 | _aeng | ||
| 082 | _a374.22 SHAP | ||
| 100 | _aShankman, Peter. | ||
| 245 |
_aFaster than normal: turbocharge your focus productivity and success with the secrets of the adha brain _bTurbocharge your focus productivity and success with the secrets of the adha brain |
||
| 250 | _a1 | ||
| 260 |
_aNew York _bPenguin Books _c2017 |
||
| 300 | _ax,239 | ||
| 650 | _aGeneral Management | ||
| 999 |
_c210439 _d210439 |
||